000 00733nam a2200181 a 4500
008 070522s2007 ||||||||||||||||| || u
050 _aIBRD(08)
100 _aLane, Philip R
245 1 4 _aThe International financial integration of China and India
_cby Philip R. Lane.;Sergio L. Schmukler
260 _aWashington, D. C.
_bWorld Bank
_c2007
300 _a39p.: ill.
350 _a0.00
650 0 _aFINANCE--DEVELOPING COUNTRIES
650 _aINTERNATIONAL FINANCE--INDIA
650 _aINTERNATIONAL FINANCE--CHINA
700 _aSchmukler, Sergio L
995 _D0.00
_FCBU-MAIN LIBRARY (Kitwe)
_H1
_I0.00
_M1
_UAVAILABLE
_WMay 22, 2007
_ZInternational Publications
999 _c47383
_d47383